| 000 | 01704nam a2200409 a 4500 | ||
|---|---|---|---|
| 001 | ebr10480072 | ||
| 003 | CaPaEBR | ||
| 006 | m u | ||
| 007 | cr cn||||||||| | ||
| 008 | 090604s2009 enk sb 001 0 eng d | ||
| 010 | _z 2009278162 | ||
| 020 | _z9780745325194 (hbk.) | ||
| 020 | _z074532519X (hbk.) | ||
| 020 | _z9780745325187 (pbk.) | ||
| 020 | _z0745325181 (pbk.) | ||
| 020 | _z9781849643085 (e-book) | ||
| 040 |
_aCaPaEBR _cCaPaEBR |
||
| 035 | _a(OCoLC)654106672 | ||
| 043 | _aa-cc--- | ||
| 050 | 1 | 4 |
_aDS777.55 _b.C54 2009eb |
| 100 | 1 | _aClegg, Jenny. | |
| 245 | 1 | 0 |
_aChina's global strategy _h[electronic resource] : _btowards a multipolar world / _cJenny Clegg. |
| 260 |
_aLondon ; _aNew York : _bPluto Press ; _aNew York : _bDistributed in the United States of America exclusively by Palgrave Macmillan, _c2009. |
||
| 300 | _ax, 278 p. | ||
| 504 | _aIncludes bibliographical references and index. | ||
| 505 | 0 | _apt. 1. The unipolar-multipolar dynamics -- pt. 2. China's development trajectory -- pt. 3. An international trial of strength. | |
| 533 |
_aElectronic reproduction. _bPalo Alto, Calif. : _cebrary, _d2013. _nAvailable via World Wide Web. _nAccess may be limited to ebrary affiliated libraries. |
||
| 650 | 0 |
_aGlobalization _zChina. |
|
| 650 | 0 |
_aDemocratization _zChina. |
|
| 651 | 0 |
_aChina _xPolitics and government _y1949- |
|
| 651 | 0 |
_aChina _xForeign relations. |
|
| 651 | 0 |
_aChina _xEconomic conditions. |
|
| 651 | 0 |
_aChina _xSocial conditions. |
|
| 655 | 7 |
_aElectronic books. _2local |
|
| 710 | 2 | _aebrary, Inc. | |
| 856 | 4 | 0 |
_uhttp://site.ebrary.com/lib/rucke/Doc?id=10480072 _zAn electronic book accessible through the World Wide Web; click to view |
| 999 |
_c220553 _d220553 |
||